Statistics for Five Biggest Countries by Region #2

Click here to take the quiz!

General Stats

  • This quiz has been taken 520 times
  • The average score is 27 of 30

Answer Stats

RegionCountry% Correct
NordicFinland
99%
NordicSweden
99%
NordicDenmark
98%
NordicNorway
98%
Latin AmericaArgentina
97%
Latin AmericaBrazil
97%
BalkansGreece
96%
NordicIceland
96%
Latin AmericaColombia
95%
MediterraneanTurkey
95%
CommonwealthAustralia
94%
Pacific RimAustralia
94%
Pacific RimCanada
94%
CommonwealthCanada
94%
Latin AmericaPeru
94%
MediterraneanAlgeria
93%
BalkansCroatia
93%
MediterraneanEgypt
93%
Pacific RimRussia
93%
BalkansSerbia
93%
Pacific RimUnited States
93%
Latin AmericaMexico
92%
BalkansBosnia
91%
MediterraneanFrance
91%
MediterraneanLibya
91%
Pacific RimChina
90%
BalkansBulgaria
89%
CommonwealthIndia
84%
CommonwealthSouth Africa
73%
CommonwealthTanzania
42%

Score Distribution

Percentile by Number Answered

Percent of People with Each Score

Your Score History

You have not taken this quiz